书目信息 |
| 题名: |
西安历史述略
|
|
| 作者: | 武伯纶 编著 | |
| 分册: | ||
| 出版信息: | 西安 陕西人民出版社 1979 |
|
| 页数: | 280页 | |
| 开本: | 20cm | |
| 丛书名: | ||
| 单 册: | ||
| 中图分类: | K294.11 | |
| 科图分类: | ||
| 主题词: | 地方史--西安--古代 | |
| 电子资源: | ||
| ISBN: | ||
| 000 | 00570nam0 2200217 450 | |
| 001 | 1533521078 | |
| 005 | 20150123091900.21 | |
| 010 | @dCNY1.20 | |
| 091 | @a11094.34 | |
| 100 | @a19950725d1979 em y0chiy0110 ea | |
| 101 | 0 | @achi |
| 102 | @aCN@b610000 | |
| 105 | @af z 000yy | |
| 200 | 1 | @a西安历史述略@9xi an li shi shu lue@f武伯纶编著 |
| 210 | @a西安@c陕西人民出版社@d1979 | |
| 215 | @a280页@c彩照@d20cm | |
| 606 | 0 | @a地方史@y西安@z古代 |
| 690 | @aK294.11@v5 | |
| 701 | 0 | @a武伯纶@9wu bo lun@4编著 |
| 801 | 0 | @aCN@bTSSF@c20150123 |
| 905 | @aZUCC@dK294.11@eJY1 | |
| 西安历史述略/武伯纶编著.-西安:陕西人民出版社,1979 |
| 280页:彩照;20cm |
| ISBN :CNY1.20 |
| ● |
| 相关链接 |
|
|
|
|
正题名:西安历史述略
索取号:K294.11/JY1
 
预约/预借
| 序号 | 登录号 | 条形码 | 馆藏地/架位号 | 状态 | 备注 |
| 1 | 7844359 | 278443597 | 学院路分馆/ [索取号:K294.11/JY1] | 在馆 |